Fleetwood Mac - Rumours (Tracks) - Statistics

General Stats
  • This quiz has been taken 136 times
  • The average score is 7 of 11
Answer Stats
Track Number Track Name % Correct
2 Dreams
89%
7 The Chain
89%
5 Go Your Own Way
78%
4 Don't Stop
69%
8 You Make Loving Fun
65%
11 Gold Dust Woman
60%
1 Second Hand News
60%
6 Songbird
57%
10 Oh Daddy
51%
3 Never Going Back Again
47%
9 I Don't Want to Know
42%
No matching quizzes found
Score Distribution
Percent of People with Each Score
Percentile by Number Answered
Your Score History
You have not taken this quiz